| 000 | 00446 a2200157 4500 | ||
|---|---|---|---|
| 020 | _a4:50 from Paddington | ||
| 082 | _a823.912 | ||
| 090 |
_c1093 _d1093 |
||
| 100 | _aChristie, Agatha. | ||
| 245 |
_a4:50 from Paddington _cAgatha Christie |
||
| 260 |
_aLondon: , _bHarper Collins Publishers _c2002. |
||
| 300 |
_a351 p. ; _b19 cm. |
||
| 500 | _aIncludes Index | ||
| 650 | _aMarple, Jane (Fictitious character) --Fiction. | ||
| 942 |
_cBK _k823.910 CHR |
||
| 999 |
_c5055 _d5055 |
||